000 00344nam a2200145 i 4500
001 bg
100 1 _aBUDZIŃSKI, Franciszek
245 0 _aEkonomia polityczna kapitalizmu /
_cF. Budziński.
260 _aKraków,
_c1985.
040 _cBPK
041 _apol
080 _a330(075.8)
942 _cKS
008 s pl f |000 0 pol
999 _c2606
_d2606
856 _uhttp://koha.tu.koszalin.pl/cgi-bin/koha/opac-detail.pl?biblionumber=2606
_yKatalog online BPK